Statistics for British Football Teams by Nickname #2

Click here to take the quiz!

General Stats

  • This quiz has been taken 23 times
  • The average score is 14 of 20

Answer Stats

NicknameTeam% Correct
SpursTottenham Hotspur
100%
ToffeesEverton FC
95%
Red DevilsManchester United
95%
Forest/TreesNottingham Forest
95%
WolvesWolverhampton Wanderers
95%
SeagullsBrighton & Hove Albion
90%
BluesChelsea FC/Birmingham City
86%
CottagersFC Fulham
81%
BladesSheffield United
76%
PottersStoke City
76%
HeartsHeart of Midlothian
71%
HornetsFC Watford
67%
Black CatsAFC Sunderland
62%
WhitesLeeds United
62%
EaglesCrystal Palace
57%
OwlsSheffield Wednesday
57%
SeasidersBlackpool FC
48%
ImpsLincoln City
43%
LionsFC Millwall
38%
TerriersHuddersfield Town
38%

Score Distribution

Percentile by Number Answered

Percent of People with Each Score

Your Score History

You have not taken this quiz